| 000 -ლიდერი |
| ფიქსირებული სიგრძის საკონტროლო ველი |
00967nam a2200193 4500 |
| 003 - საკონტროლო ნომრის იდენტიფიკატორი |
| საკონტროლო ველი |
Ge_BSU |
| 005 - ბოლო ოპერაციის თარიღი და დრო |
| საკონტროლო ველი |
20221129161238.0 |
| 008 - ფიქსირებული სიგრძის მონაცემთა ელემენტები - ზოგადი ინფორმაცია |
| ფიქსირებული სიგრძის საკონტროლო ველი |
221129s1972ge xxu||||| |||| 00| 0 geo d |
| 041 ## - ენის კოდი |
| Language code of text/sound track or separate title |
geo |
| 080 ## - უნივერსალური ათობითი კლასიფიკაციის ინდექსი |
| Universal Decimal Classification number |
087.5:39(049.92) ლ-41 |
| 100 ## - მთავარი ჩანაწერი - პიროვნების სახელი |
| Personal name |
ლეკიაშვილი, ა. ავტორი. |
| 9 (RLIN) |
16208 |
| 245 ## - ცნობა სათაურის შესახებ |
| Title |
"შენ ხარ ვენახი" : |
| Statement of responsibility, etc |
ა. ლეკიაშვილი, რედ. ვ. ძიძიგური. |
| 264 ## - წარმოების, გამოცემის, დისტრიბუციის და სხვა ცნობები |
| გამოცემის, წარმოების, დისტრიბუციის... ადგილი |
თბილისი : |
| გამოცემის, წარმოების, დისტრიბუციის... სახელწოდება |
ნაკადული, |
| გამოცემის, წარმოების, დისტრიბუციის... თარიღი |
1972. |
| 300 ## - ფიზიკური აღწერა |
| Extent |
125 გვ.: |
| Other physical details |
21 სმ. |
| 653 ## - INDEX TERM--UNCONTROLLED |
| Uncontrolled term |
ქართული წეს-ჩვეულებები. მევენახეობა საქართველოში. მეღვინეობა საქართველოში. |
| 700 ## - ADDED ENTRY--PERSONAL NAME |
| Personal name |
ძიძიგური, ვ |
| Relator term |
რედაქტორი |
| 9 (RLIN) |
3813 |
| 700 ## - ADDED ENTRY--PERSONAL NAME |
| Personal name |
ორბელაძე, ვაჟა |
| Relator term |
მხატვარი |
| 9 (RLIN) |
16209 |
| 942 ## - ADDED ENTRY ELEMENTS (KOHA) |
| Source of classification or shelving scheme |
|
| Koha item type |
წიგნი |